ANANTHANARAYAN & PANIKERS TEXTBOOK OF MICROBIOLOGY (Record no. 1215215)

MARC details
000 -LEADER
fixed length control field 00456nam a22001817a 4500
005 - DATE AND TIME OF LATEST TRANSACTION
control field 20260123115257.0
008 - FIXED-LENGTH DATA ELEMENTS--GENERAL INFORMATION
fixed length control field 260123b |||||||| |||| 00| 0 eng d
020 ## - INTERNATIONAL STANDARD BOOK NUMBER
International Standard Book Number 9789393330659
041 ## - LANGUAGE CODE
Language code of text/sound track or separate title ENGLISH
082 ## - DEWEY DECIMAL CLASSIFICATION NUMBER
Classification number 616.01
100 ## - MAIN ENTRY--PERSONAL NAME
Personal name ANANTHANARAYAN
245 ## - TITLE STATEMENT
Title ANANTHANARAYAN & PANIKERS TEXTBOOK OF MICROBIOLOGY
250 ## - EDITION STATEMENT
Edition statement 3RD 2024
260 ## - PUBLICATION, DISTRIBUTION, ETC. (IMPRINT)
Place of publication, distribution, etc MUMBAI
Name of publisher, distributor, etc UNIVERSITES PRESS
Date of publication, distribution, etc 2024
300 ## - PHYSICAL DESCRIPTION
Extent 776
365 ## - TRADE PRICE
Price type code RS
Price amount 1345.50
942 ## - ADDED ENTRY ELEMENTS (KOHA)
Item type Book

No items available.